00445nam a2200145Ia 4500082001300000100002000013245008900033260006300122300001400185650001400199650000900213650001100222650004800233700001800281 aRJ 0149 aJayakumar, M.S. 0aExclusion on the edge:ba study on emigration-induced exclusion of elderly in Kerala c2013bIndian Council of Social Science Research, New Delhi axii, 212p aExclusion aaged aKerala aEmigration and Immigration - social aspects aRajasenan, D.